[Event "Bussum op 29th"]
[Site "Bussum"]
[Date "2012.05.25"]
[Round "1.9"]
[White "Vermeulen, Bart"]
[Black "Visser, Henk Jan"]
[Result "1-0"]
[WhiteElo "1875"]
[BlackElo "2234"]
[PlyCount "81"]
[EventDate "2012.05.25"]
[EventType "swiss"]
[EventRounds "7"]
[EventCountry "NED"]
[SourceTitle "CBM 148 Extra"]
[Source "ChessBase"]
[SourceDate "2012.06.22"]
[SourceVersion "1"]
[SourceVersionDate "2012.06.22"]
[SourceQuality "1"]

1. Nf3 d5 2. d4 Nf6 3. c4 c6 4. Nbd2 Bf5 5. Nh4 Bg6 6. Qb3 Qb6 7. Qh3 Qd8 8. Nxg6 fxg6 9. e3 Qd7 10. g3 g5 11. Qg2 e6 12. Bd3 Bb4 13. 0-0 0-0 14. a3 Bxd2 15. Bxd2 Na6 16. Rfd1 Rf7 17. Bc3 Raf8 18. Rf1 g4 19. h3 e5 20. dxe5 gxh3 21. Qh2 Ne4 22. f4 Nac5 23. Be2 Na4 24. cxd5 cxd5 25. Bd4 Nac5 26. Bxc5 Nxc5 27. Rad1 Qe6 28. Bf3 Ne4 29. Rd4 Qg6 30. Bxe4 dxe4 31. Qxh3 Rc7 32. Rd6 Qf7 33. Qe6 Qxe6 34. Rxe6 Rc2 35. Rd1 Kf7 36. Red6 Re2 37. f5 Rc8 38. Rd7+ Kf8 39. e6 Rxe3 40. Rf7+ Kg8 41. Kg2 1-0

[Event "Hilversum op-B"]
[Site "Hilversum"]
[Date "2010.06.30"]
[Round "5"]
[White "Vermeulen, Bart"]
[Black "De Heer, Henk JJ"]
[Result "1-0"]
[WhiteElo "1837"]
[BlackElo "1851"]
[PlyCount "81"]
[EventDate "2010.06.26"]
[EventType "swiss"]
[EventRounds "9"]
[EventCountry "NED"]
[SourceTitle "CBM 137 Extra"]
[Source "ChessBase"]
[SourceDate "2010.09.01"]
[SourceVersion "1"]
[SourceVersionDate "2010.09.01"]
[SourceQuality "1"]

1. Nf3 Nf6 2. c4 g6 3. g3 Bg7 4. Bg2 0-0 5. d4 d6 6. Nc3 Nc6 7. 0-0 Bf5 8. d5 Na5 9. Nd2 b6 10. e4 Bd7 11. Qc2 Nb7 12. Rb1 a5 13. b3 Nc5 14. Bb2 Ng4 15. a3 f5 16. b4 axb4 17. axb4 Na4 18. Nxa4 Bxa4 19. Qc1 Ne5 20. Qc3 fxe4 21. Qe3 Bc2 22. Ra1 Qd7 23. Bxe5 Bxe5 24. Rxa8 Rxa8 25. Bxe4 Ra2 26. f4 Bf6 27. Bxc2 Rxc2 28. Qd3 Rc3 29. Qe2 Bd4+ 30. Kh1 Re3 31. Qd1 Qf5 32. g4 Qd3 33. Nf3 Rxf3 34. Qxf3 Qxc4 35. Re1 Qxb4 36. Qe4 Qc3 37. Kg2 Qd2+ 38. Re2 Qd1 39. Qe6+ Kh8 40. Qc8+ Kg7 41. Rxe7+ 1-0

[Event "IECG CB.2008.0.00182 email"]
[Site "IECG email"]
[Date "2008.06.07"]
[Round "?"]
[White "Zens, Rolf"]
[Black "Vermeulen, Bart"]
[Result "1/2-1/2"]
[WhiteElo "1969"]
[BlackElo "1985"]
[PlyCount "50"]
[EventDate "2008.06.07"]
[EventType "tourn (corr)"]
[EventRounds "6"]
[SourceTitle "Corr 2024"]
[Source "ChessBase"]
[SourceDate "2023.10.19"]
[SourceVersion "1"]
[SourceVersionDate "2023.10.19"]
[SourceQuality "1"]

1. e4 d5 2. exd5 Qxd5 3. Nc3 Qa5 4. d4 Nf6 5. Nf3 c6 6. Bc4 Bf5 7. 0-0 e6 8. Re1 Nbd7 9. Bf4 Bb4 10. Bb3 0-0 11. h3 Rfe8 12. a3 Bxc3 13. bxc3 Rad8 14. c4 c5 15. d5 exd5 16. cxd5 b5 17. c4 Rxe1+ 18. Qxe1 Qxe1+ 19. Rxe1 bxc4 20. Bxc4 Nb6 21. Bc7 Re8 22. Rc1 Nxc4 23. Rxc4 Nxd5 24. Rxc5 Nxc7 25. Rxc7 a6 1/2-1/2

[Event "IECG CB.2007.0.00168 email"]
[Site "IECG email"]
[Date "2007.02.11"]
[Round "?"]
[White "Roberts, Earl"]
[Black "Vermeulen, Bart"]
[Result "1/2-1/2"]
[WhiteElo "1949"]
[BlackElo "1982"]
[PlyCount "42"]
[EventDate "2007.02.11"]
[EventType "tourn (corr)"]
[EventRounds "6"]
[SourceTitle "Corr 2024"]
[Source "ChessBase"]
[SourceDate "2023.10.19"]
[SourceVersion "1"]
[SourceVersionDate "2023.10.19"]
[SourceQuality "1"]

1. e4 e6 2. d4 d5 3. e5 c5 4. c3 Nc6 5. Be3 Qb6 6. Qd2 Bd7 7. Nf3 Rc8 8. dxc5 Bxc5 9. Bxc5 Qxc5 10. Qg5 Nge7 11. Nbd2 0-0 12. Bd3 Qb6 13. Bxh7+ Kxh7 14. Qh5+ Kg8 15. Ng5 Rfe8 16. Qxf7+ Kh8 17. Qh5+ Kg8 18. Qf7+ Kh8 19. Qh5+ Kg8 20. Qf7+ Kh8 21. Qh5+ Kg8 1/2-1/2

[Event "IECG CB.2007.0.00168 email"]
[Site "IECG email"]
[Date "2007.02.11"]
[Round "?"]
[White "Vermeulen, Bart"]
[Black "Perez, Hector"]
[Result "1-0"]
[WhiteElo "1982"]
[BlackElo "1814"]
[PlyCount "29"]
[EventDate "2007.02.11"]
[EventType "tourn (corr)"]
[EventRounds "6"]
[SourceTitle "Corr 2024"]
[Source "ChessBase"]
[SourceDate "2023.10.19"]
[SourceVersion "1"]
[SourceVersionDate "2023.10.19"]
[SourceQuality "1"]

1. Nf3 Nf6 2. c4 g6 3. Nc3 Bg7 4. e4 d6 5. d4 0-0 6. Be2 Bg4 7. Be3 Nc6 8. d5 Bxf3 9. Bxf3 Ne5 10. Be2 c5 11. 0-0 a6 12. a4 b6 13. f3 Qc7 14. Qd2 Rfe8 15. b3 1-0

[Event "IECG CB.2007.0.00168 email"]
[Site "IECG email"]
[Date "2007.02.11"]
[Round "?"]
[White "Vermeulen, Bart"]
[Black "Sanmartino, Gianluca"]
[Result "1/2-1/2"]
[WhiteElo "1982"]
[BlackElo "1870"]
[PlyCount "81"]
[EventDate "2007.02.11"]
[EventType "tourn (corr)"]
[EventRounds "6"]
[SourceTitle "Corr 2024"]
[Source "ChessBase"]
[SourceDate "2023.10.19"]
[SourceVersion "1"]
[SourceVersionDate "2023.10.19"]
[SourceQuality "1"]

1. Nf3 Nf6 2. c4 g6 3. Nc3 Bg7 4. e4 d6 5. d4 0-0 6. Be2 Nbd7 7. 0-0 e5 8. Be3 Ng4 9. Bg5 f6 10. Bd2 Nh6 11. Qc2 exd4 12. Nxd4 Nc5 13. Rad1 f5 14. Bxh6 Bxh6 15. exf5 Bxf5 16. Nxf5 Rxf5 17. b4 Nd7 18. c5 Nf6 19. Qb3+ Kh8 20. Bf3 Rb8 21. Rfe1 Qd7 22. Ne4 Nxe4 23. Rxe4 Rf4 24. Re2 Bg7 25. cxd6 cxd6 26. a3 b6 27. Re6 Rf6 28. Rdxd6 Qxd6 29. Rxd6 Rxd6 30. h4 Rd2 31. h5 Bd4 32. hxg6 hxg6 33. Qf7 Bxf2+ 34. Kf1 Rc8 35. Bc6 Bg3 36. Qxg6 Rf8+ 37. Bf3 Bf4 38. Ke1 Rd6 39. Qh5+ Kg7 40. Qg4+ Rg6 41. Qd7+ 1/2-1/2

[Event "IECG CB.2006.0.00165 email"]
[Site "IECG email"]
[Date "2006.11.08"]
[Round "?"]
[White "Vermeulen, Bart"]
[Black "Guaimare Rodriguez, Carlos Luis"]
[Result "1/2-1/2"]
[WhiteElo "1982"]
[BlackElo "1800"]
[PlyCount "46"]
[EventDate "2006.11.08"]
[EventType "tourn (corr)"]
[EventRounds "6"]
[SourceTitle "Corr 2011"]
[Source "ChessBase"]
[SourceDate "2010.08.31"]
[SourceVersion "1"]
[SourceVersionDate "2010.08.31"]
[SourceQuality "1"]

1. Nf3 d5 2. d4 Nf6 3. c4 c6 4. Nc3 dxc4 5. a4 Bf5 6. Nh4 e6 7. Nxf5 exf5 8. e3 Bd6 9. Bxc4 0-0 10. h3 Nbd7 11. g4 Qa5 12. Bd2 Bb4 13. Qf3 fxg4 14. hxg4 Rfe8 15. 0-0-0 Bxc3 16. Bxc3 Qxa4 17. Bxf7+ Kxf7 18. g5 Kg8 19. gxf6 Nxf6 20. Rdg1 Rf8 21. e4 Rf7 22. Qh3 Kf8 23. e5 Ne4 1/2-1/2

[Event "IECG CB.2006.0.00165 email"]
[Site "IECG email"]
[Date "2006.11.08"]
[Round "?"]
[White "Weiss, Lester P"]
[Black "Vermeulen, Bart"]
[Result "1/2-1/2"]
[WhiteElo "1811"]
[BlackElo "1982"]
[PlyCount "54"]
[EventDate "2006.11.08"]
[EventType "tourn (corr)"]
[EventRounds "6"]
[SourceTitle "Corr 2011"]
[Source "ChessBase"]
[SourceDate "2010.08.31"]
[SourceVersion "1"]
[SourceVersionDate "2010.08.31"]
[SourceQuality "1"]

1. e4 e6 2. d4 d5 3. Nc3 Nf6 4. Bg5 dxe4 5. Nxe4 Be7 6. Bxf6 Bxf6 7. Nf3 Nd7 8. Qd2 0-0 9. 0-0-0 Be7 10. Bd3 c5 11. Nxc5 Nxc5 12. dxc5 Qd5 13. Kb1 Qxc5 14. h4 a5 15. Qe2 a4 16. a3 Ra5 17. g4 g6 18. h5 Rd8 19. hxg6 hxg6 20. Nd2 Bd7 21. Ne4 Qe5 22. Qf3 Be8 23. Rh3 f5 24. gxf5 exf5 25. Bc4+ Kg7 26. Rxd8 Bxd8 27. Qe3 f4 1/2-1/2

[Event "LSS WC-2010-P-00005"]
[Site "LSS email"]
[Date "2006.06.05"]
[Round "?"]
[White "Vermeulen, Bart"]
[Black "Ermolaev, Andrey Stanislavovi"]
[Result "0-1"]
[WhiteElo "1978"]
[BlackElo "2360"]
[PlyCount "27"]
[EventDate "2006.06.05"]
[EventType "tourn (corr)"]
[EventRounds "6"]
[EventCountry "GER"]
[SourceTitle "Corr 2015"]
[Source "ChessBase"]
[SourceDate "2015.07.17"]
[SourceVersion "1"]
[SourceVersionDate "2015.07.17"]
[SourceQuality "1"]

1. Nf3 Nf6 2. c4 e6 3. Nc3 d5 4. d4 Be7 5. Bg5 0-0 6. e3 h6 7. Bh4 b6 8. Be2 Bb7 9. Bxf6 Bxf6 10. cxd5 exd5 11. 0-0 Re8 12. Qb3 c6 13. Rfe1 Nd7 14. Rad1 0-1

[Event "IECG WC.2008.S.00003"]
[Site "IECG email"]
[Date "2005.07.17"]
[Round "?"]
[White "Braun, Ingram H"]
[Black "Vermeulen, Bart"]
[Result "1-0"]
[WhiteElo "2289"]
[BlackElo "1918"]
[PlyCount "79"]
[EventDate "2005.07.17"]
[EventType "tourn (corr)"]
[EventRounds "6"]
[SourceTitle "Corr 2008"]
[Source "ChessBase"]
[SourceDate "2008.06.24"]
[SourceVersion "1"]
[SourceVersionDate "2008.06.24"]
[SourceQuality "1"]

1. e4 c6 2. d4 d5 3. e5 Bf5 4. Be3 e6 5. Nd2 Nd7 6. c3 Ne7 7. b4 a5 8. a3 Bg6 9. f4 Nf5 10. Bf2 h5 11. Ngf3 Be7 12. Be2 b6 13. 0-0 c5 14. dxc5 bxc5 15. Nb3 axb4 16. axb4 cxb4 17. cxb4 0-0 18. Nfd4 Nxd4 19. Nxd4 Rxa1 20. Qxa1 Qb6 21. Bb5 Qb7 22. Bc6 Qc7 23. Qa5 Nb6 24. Rc1 Rb8 25. b5 Bd8 26. Nb3 Nc4 27. Qxc7 Bxc7 28. Ra1 Bc2 29. Ra7 Bb6 30. Bxb6 Nxb6 31. Nd4 Bd3 32. h4 Kf8 33. Kf2 Kg8 34. g3 Be4 35. Ke2 Nc4 36. Nb3 Bc2 37. Na5 Nb6 38. Ke3 Kf8 39. Kd4 Nc8 40. Ra6 1-0

[Event "CFriend WC-2008-S-00003"]
[Site "Chessfriend.com"]
[Date "2005.07.17"]
[Round "1"]
[White "Vermeulen, Bart"]
[Black "Grkinic, Goran"]
[Result "1/2-1/2"]
[WhiteElo "1918"]
[BlackElo "2125"]
[PlyCount "69"]
[EventDate "2005.??.??"]
[EventType "tourn (corr)"]
[EventRounds "6"]
[SourceTitle "Corr 2008"]
[Source "ChessBase"]
[SourceDate "2008.06.24"]
[SourceVersion "1"]
[SourceVersionDate "2008.06.24"]
[SourceQuality "1"]

1. Nf3 Nf6 2. c4 e6 3. Nc3 d5 4. d4 c6 5. Bg5 Nbd7 6. e3 Qa5 7. cxd5 Nxd5 8. Qd2 N7b6 9. Bd3 Nxc3 10. bxc3 f6 11. Bh4 Nd5 12. 0-0 Qxc3 13. Qe2 Qa5 14. Nd2 Nb4 15. Be4 Nd5 16. Rfc1 Nc3 17. Bxc6+ bxc6 18. Qc4 Bb4 19. Qxc6+ Ke7 20. Qxa8 Ne2+ 21. Kh1 Nxc1 22. Nc4 Qd5 23. Qxa7+ Bb7 24. e4 Qxc4 25. Qxb7+ Kf8 26. h3 Rg8 27. Rb1 Nd3 28. Bg3 Be7 29. Qd7 Kf7 30. Bd6 Re8 31. Rb8 Qc1+ 32. Kh2 Rxb8 33. Qxe7+ Kg6 34. Bxb8 e5 35. Bxe5 1/2-1/2

[Event "CFriend SI-2004-0-00033 email"]
[Site "Chessfriend.com"]
[Date "2005.04.13"]
[Round "1"]
[White "Starace, Umberto"]
[Black "Vermeulen, Bart"]
[Result "1/2-1/2"]
[WhiteElo "1960"]
[BlackElo "1918"]
[PlyCount "81"]
[EventDate "2005.04.13"]
[EventType "tourn (corr)"]
[EventRounds "6"]
[SourceTitle "Corr 2008"]
[Source "ChessBase"]
[SourceDate "2008.06.24"]
[SourceVersion "1"]
[SourceVersionDate "2008.06.24"]
[SourceQuality "1"]

1. e4 e6 2. Nf3 d5 3. exd5 exd5 4. d4 Bg4 5. Be2 Bd6 6. 0-0 Nc6 7. Nc3 Nge7 8. Nb5 0-0 9. c3 Re8 10. Nxd6 Qxd6 11. Re1 Ng6 12. Qd3 Nd8 13. h3 Bxf3 14. Qxf3 Ne6 15. g3 Re7 16. Be3 Rae8 17. Rad1 c6 18. Qf5 Nef8 19. Kg2 Nd7 20. Bd3 Nf6 21. Rd2 Ne4 22. Rde2 Re6 23. Bc1 Qe7 24. Qf3 Nf8 25. c4 Nd7 26. Bf4 a6 27. a3 Ndf6 28. c5 Qd8 29. b4 R8e7 30. a4 Qe8 31. b5 axb5 32. axb5 Nd7 33. b6 Nf8 34. Bc1 Ng6 35. h4 Nf8 36. Bf4 f5 37. Be3 Qf7 38. Ra2 Re8 39. Rea1 R6e7 40. Ra8 Ne6 41. Rxe8+ 1/2-1/2

[Event "CFriend WC-2009-P-00009"]
[Site "Chessfriend.com"]
[Date "2005.02.28"]
[Round "1"]
[White "Hoogervorst, Paul"]
[Black "Vermeulen, Bart"]
[Result "1-0"]
[WhiteElo "2129"]
[BlackElo "1918"]
[PlyCount "69"]
[EventDate "2005.??.??"]
[EventType "tourn (corr)"]
[EventRounds "6"]
[SourceTitle "Corr 2008"]
[Source "ChessBase"]
[SourceDate "2008.06.24"]
[SourceVersion "1"]
[SourceVersionDate "2008.06.24"]
[SourceQuality "1"]

1. e4 e6 2. d4 d5 3. Nc3 Nf6 4. e5 Nfd7 5. Nce2 c5 6. c3 Nc6 7. f4 Qb6 8. Nf3 f6 9. a3 Be7 10. h4 0-0 11. Rh3 a5 12. b3 Qc7 13. Neg1 b6 14. h5 Ba6 15. Bxa6 Rxa6 16. exf6 Bxf6 17. h6 g6 18. Qe2 Raa8 19. Qxe6+ Kh8 20. Ne2 cxd4 21. cxd4 Nxd4 22. Nfxd4 Bxd4 23. Nxd4 Rfe8 24. Bb2 Nf6 25. Re3 Rxe6 26. Nxe6 Qe7 27. Rc1 Kg8 28. Rc7 Nd7 29. Bd4 Re8 30. Ng5 Qd8 31. Rxe8+ Qxe8+ 32. Kd2 b5 33. g3 b4 34. a4 Qd8 35. Ne6 1-0

[Event "CFriend SI-2004-0-00027 email"]
[Site "Chessfriend.com"]
[Date "2004.11.13"]
[Round "1"]
[White "Vermeulen, Bart"]
[Black "Blittkowsky, Ralf"]
[Result "1/2-1/2"]
[WhiteElo "1918"]
[BlackElo "1926"]
[PlyCount "55"]
[EventDate "2004.??.??"]
[EventType "tourn (corr)"]
[EventRounds "6"]
[SourceTitle "Corr 2008"]
[Source "ChessBase"]
[SourceDate "2008.06.24"]
[SourceVersion "1"]
[SourceVersionDate "2008.06.24"]
[SourceQuality "1"]

1. Nf3 f5 2. c4 Nf6 3. g3 d6 4. d4 g6 5. Bg2 Bg7 6. 0-0 0-0 7. Nc3 Qe8 8. d5 Na6 9. Rb1 e5 10. dxe6 Bxe6 11. Nd4 c6 12. b4 Rc8 13. Bf4 Bxc4 14. b5 Nb8 15. bxc6 Nxc6 16. Ndb5 Qe6 17. Nxd6 g5 18. Nxc8 gxf4 19. Nxa7 Nxa7 20. Rxb7 Nc6 21. Qa4 f3 22. Bxf3 Nd4 23. Rfb1 Nxf3+ 24. exf3 Rc8 25. Qa7 Ne8 26. Re7 Qc6 27. Qe3 Bf7 28. Ne2 1/2-1/2

[Event "CFriend SI-2004-0-00027 email"]
[Site "Chessfriend.com"]
[Date "2004.11.13"]
[Round "1"]
[White "Vermeulen, Bart"]
[Black "Kurpnieks, Vairis"]
[Result "1/2-1/2"]
[WhiteElo "1918"]
[BlackElo "2075"]
[PlyCount "22"]
[EventDate "2004.??.??"]
[EventType "tourn (corr)"]
[EventRounds "6"]
[SourceTitle "Corr 2024"]
[Source "ChessBase"]
[SourceDate "2023.10.19"]
[SourceVersion "1"]
[SourceVersionDate "2023.10.19"]
[SourceQuality "1"]

1. Nf3 c5 2. c4 Nc6 3. d4 cxd4 4. Nxd4 Nf6 5. g3 d6 6. Bg2 Bd7 7. Nc3 g6 8. 0-0 Bg7 9. Nc2 0-0 10. Ne3 Qc8 11. Re1 Bh3 1/2-1/2

[Event "CFriend SI-2004-0-00024 email"]
[Site "Chessfriend.com"]
[Date "2004.08.02"]
[Round "1"]
[White "Garibaldi, Lucio Manuel"]
[Black "Vermeulen, Bart"]
[Result "0-1"]
[WhiteElo "1728"]
[BlackElo "1918"]
[PlyCount "68"]
[EventDate "2004.??.??"]
[EventType "tourn (corr)"]
[EventRounds "8"]
[SourceTitle "Corr 2008"]
[Source "ChessBase"]
[SourceDate "2008.06.24"]
[SourceVersion "1"]
[SourceVersionDate "2008.06.24"]
[SourceQuality "1"]

1. e4 e6 2. d4 d5 3. e5 c5 4. c3 Nc6 5. Nf3 Qb6 6. Bd3 cxd4 7. cxd4 Bd7 8. 0-0 Nxd4 9. Nxd4 Qxd4 10. Nc3 a6 11. Qe2 Ne7 12. Kh1 Nc6 13. f4 Bc5 14. a3 Na5 15. Qc2 Rc8 16. Bd2 Nc4 17. Rf3 Ba7 18. Rd1 Nxd2 19. Qxd2 g6 20. Qe2 Qc5 21. Qe1 Qe7 22. Rh3 Bc6 23. Bb1 0-0 24. Ne2 f6 25. Qh4 Qg7 26. f5 fxe5 27. fxg6 h6 28. Qg4 Rf6 29. Rf3 e4 30. Rxf6 Qxf6 31. Nf4 Rf8 32. Qxe6+ Qxe6 33. Nxe6 Rf6 34. Nd8 e3 0-1

[Event "CFriend SI-2004-0-00024 email"]
[Site "Chessfriend.com"]
[Date "2004.08.02"]
[Round "1"]
[White "Makeyev, Alexey"]
[Black "Vermeulen, Bart"]
[Result "1/2-1/2"]
[WhiteElo "1915"]
[BlackElo "1918"]
[PlyCount "45"]
[EventDate "2004.??.??"]
[EventType "tourn (corr)"]
[EventRounds "8"]
[SourceTitle "Corr 2024"]
[Source "ChessBase"]
[SourceDate "2023.10.19"]
[SourceVersion "1"]
[SourceVersionDate "2023.10.19"]
[SourceQuality "1"]

1. Nf3 Nf6 2. d4 e6 3. e3 b6 4. Bd3 Bb7 5. 0-0 c5 6. Nbd2 Be7 7. dxc5 bxc5 8. b3 0-0 9. Bb2 Nc6 10. c4 d6 11. a3 a5 12. Qc2 Qc7 13. Rfd1 Rfd8 14. Rab1 h6 15. Ne4 Nxe4 16. Bxe4 Nb8 17. Bxb7 Qxb7 18. Nd2 Nd7 19. Ne4 Qc6 20. a4 Nf6 21. Nxf6+ Bxf6 22. Bxf6 gxf6 23. e4 1/2-1/2

[Event "CFriend SI-2004-0-00024 email"]
[Site "Chessfriend.com"]
[Date "2004.08.02"]
[Round "?"]
[White "Vermeulen, Bart"]
[Black "Noble, Mark Frederick"]
[Result "1/2-1/2"]
[WhiteElo "1914"]
[BlackElo "1887"]
[PlyCount "77"]
[EventDate "2004.??.??"]
[EventType "tourn (corr)"]
[EventRounds "8"]
[SourceTitle "Corr 2008"]
[Source "ChessBase"]
[SourceDate "2008.06.24"]
[SourceVersion "1"]
[SourceVersionDate "2008.06.24"]
[SourceQuality "1"]

1. Nf3 Nf6 2. c4 e6 3. Nc3 d5 4. d4 Be7 5. Bg5 h6 6. Bh4 0-0 7. e3 b6 8. Be2 Bb7 9. Bxf6 Bxf6 10. cxd5 exd5 11. 0-0 Nd7 12. Qb3 c6 13. Rfe1 Re8 14. Rad1 Nf8 15. Bf1 Ne6 16. g3 Ng5 17. Nxg5 hxg5 18. h3 Qd7 19. Bg2 Rad8 20. Rd2 g4 21. h4 Qf5 22. Qa4 a5 23. Qb3 b5 24. e4 dxe4 25. Nxe4 Be7 26. Nc5 Bxc5 27. Rxe8+ Rxe8 28. dxc5 Qxc5 29. Rd7 Re1+ 30. Bf1 Qf5 31. Rxb7 a4 32. Qc3 Qb1 33. Qxc6 Rxf1+ 34. Kg2 Rh1 35. Qc8+ Kh7 36. Qxg4 Qf1+ 37. Kf3 Qd3+ 38. Kf4 Qd4+ 39. Kf3 1/2-1/2

[Event "IECG WC.2008.P.00019 email"]
[Site "IECG email"]
[Date "2004.07.20"]
[Round "?"]
[White "Kunzmann, Hector AT"]
[Black "Vermeulen, Bart"]
[Result "0-1"]
[WhiteElo "2168"]
[BlackElo "1820"]
[PlyCount "74"]
[EventDate "2004.03.05"]
[EventType "tourn (corr)"]
[EventRounds "6"]
[SourceTitle "Corr 2008"]
[Source "ChessBase"]
[SourceDate "2008.06.24"]
[SourceVersion "1"]
[SourceVersionDate "2008.06.24"]
[SourceQuality "1"]

1. e4 e6 2. d4 d5 3. Nc3 Nf6 4. Bg5 dxe4 5. Nxe4 Be7 6. Bxf6 Bxf6 7. Nf3 Nd7 8. Qd2 0-0 9. 0-0-0 Be7 10. Bd3 c5 11. Nxc5 Nxc5 12. dxc5 Qd5 13. Kb1 Qxc5 14. h4 a5 15. g4 a4 16. Ng5 a3 17. b3 g6 18. Ne4 Qe5 19. c3 b5 20. f4 Qg7 21. h5 Rd8 22. Qe2 Bb7 23. hxg6 hxg6 24. Rh3 Bxe4 25. Bxe4 Rxd1+ 26. Qxd1 Rd8 27. Qe1 b4 28. Bc2 Qf6 29. f5 exf5 30. gxf5 g5 31. Re3 Bf8 32. Rg3 Bd6 33. Rh3 Kg7 34. Qe2 Be5 35. Bd3 Bxc3 36. Qh5 Ba1 37. Rh2 Kf8 0-1

[Event "IECG CA.2004.0.00118 email"]
[Site "IECG email"]
[Date "2004.03.07"]
[Round "?"]
[White "Fels, Bernhard"]
[Black "Vermeulen, Bart"]
[Result "1/2-1/2"]
[WhiteElo "2095"]
[BlackElo "1820"]
[PlyCount "59"]
[EventDate "2004.03.07"]
[EventType "tourn (corr)"]
[EventRounds "6"]
[SourceTitle "Corr 2008"]
[Source "ChessBase"]
[SourceDate "2008.06.24"]
[SourceVersion "1"]
[SourceVersionDate "2008.06.24"]
[SourceQuality "1"]

1. d4 Nf6 2. c4 e6 3. Nf3 b6 4. a3 Bb7 5. Nc3 d5 6. cxd5 Nxd5 7. e3 g6 8. Bb5+ c6 9. Bc4 Bg7 10. e4 Nxc3 11. bxc3 c5 12. Qd3 0-0 13. 0-0 Nc6 14. Bg5 Qd7 15. Rad1 Na5 16. Bb5 Qd6 17. Qe3 cxd4 18. cxd4 Rfc8 19. Bh6 Nc4 20. Bxc4 Rxc4 21. Bxg7 Kxg7 22. Ne5 Rc7 23. Rfe1 Rac8 24. a4 Kg8 25. Ng4 f5 26. Nf6+ Kg7 27. e5 Qd8 28. h4 Rc3 29. Qf4 h6 30. d5 1/2-1/2